000 00913nam a22002537a 4500
999 _c84051
_d84051
005 20230127141946.0
010 _aENG-109931
020 _a9788170494256
_c995.00
035 _aEN-93464
035 _aB-536749-751
035 _aB-667708
037 _bDBAD/PUB
037 _bB-536749-751
082 _a508.546
100 _aDewan, Parvez
245 _aThe natural heritage of Jammu-Kashmir-Ladakh :
_cby Parvez Dewan
_bwildlife forest flora rivers lakes /
260 _aNew Delhi
_bManas Publications
_c2012
270 _a4402/5-A, Ansari Road, Daryaganj
_bNew Delhi
_e110002
300 _a271p. :
_c24cm(Hb)
_bcol. photos
500 _aIncludes index
942 _2ddc
_cEN
_mDEW
_h508.546